[Event "EUCup 16th"]
[Site "Neum"]
[Date "2000.??.??"]
[Round "7"]
[White "Bareev, Evgeny"]
[Black "Ivanchuk, Vassily"]
[Result "1/2-1/2"]
[WhiteElo "2702"]
[BlackElo "2719"]
[PlyCount "25"]
[EventDate "2000.09.24"]
[Source "www.chesslib.no"]
[SourceDate "2004.05.04"]

1. d4 Nf6 2. c4 g6 3. Nc3 d5 4. Nf3 Bg7 5. Bf4 O-O 6. Rc1 dxc4 7. e3 Be6 8. Ng5 Bd5 9. e4 h6 10. exd5 hxg5 11. Bxg5 Nxd5 12. Bxc4 Nb6 13. Bb3 1/2-1/2

[Event "WM London"]
[Site "?"]
[Date "1986.??.??"]
[Round "1"]
[White "Karpov, Anatoly"]
[Black "Kasparov, Gary"]
[Result "1/2-1/2"]
[WhiteElo "2700"]
[BlackElo "2720"]
[PlyCount "49"]
[EventDate "1986.??.??"]
[Source "www.chesslib.no"]
[SourceDate "2004.05.04"]

1. d4 Nf6 2. c4 g6 3. Nc3 d5 4. Nf3 Bg7 5. Bf4 c5 6. dxc5 Qa5 7. Rc1 dxc4 8. e3 Qxc5 9. Qa4+ Nc6 10. Bxc4 O-O 11. O-O Bd7 12. Qb5 Qxb5 13. Bxb5 Rac8 14. Rfd1 Rfd8 15. h3 h6 16. Kf1 a6 17. Be2 Be6 18. Rxd8+ Rxd8 19. Ne5 Nxe5 20. Bxe5 Rd2 21. b3 Nd7 22. Bxg7 Kxg7 23. Ke1 Rb2 24. Kd1 b5 25. Rc2 1/2-1/2

[Event "Groningen"]
[Site "?"]
[Date "1995.??.??"]
[Round "?"]
[White "van Wely, L."]
[Black "Kamsky, Gata"]
[Result "1/2-1/2"]
[WhiteElo "2585"]
[BlackElo "2735"]
[PlyCount "66"]
[EventDate "1995.??.??"]
[Source "ChessBase"]
[SourceDate "1995.10.01"]

1. d4 Nf6 2. c4 g6 3. Nc3 d5 4. Nf3 Bg7 5. Bf4 c5 6. dxc5 Qa5 7. cxd5 Nxd5 8. Qxd5 Bxc3+ 9. Bd2 Be6 10. Qxb7 Bxd2+ 11. Nxd2 O-O 12. b4 Qa4 13. e3 Nd7 14. a3 Rfd8 15. Qa6 Qc2 16. Qd3 Qa4 17. Qa6 Qc2 18. Qd3 Qa4 19. Qc3 a5 20. Rc1 axb4 21. axb4 Nf6 22. Bc4 Bxc4 23. Qxc4 Nd5 24. Rb1 Qa2 25. c6 Nxe3 26. Qxa2 Rxa2 27. c7 Nc2+ 28. Kd1 Rc8 29. h4 Rxc7 30. Rc1 Rd7 31. Rxc2 Ra1+ 32. Rc1 Ra2 33. Rc2 Ra1+ 1/2-1/2

[Event "Dordrecht FPO"]
[Site "Dordrecht"]
[Date "1999.??.??"]
[Round "4"]
[White "Epishin, Vladimir"]
[Black "Shirov, Alexei"]
[Result "0-1"]
[WhiteElo "2578"]
[BlackElo "2726"]
[PlyCount "100"]
[EventDate "1999.??.??"]
[Source "www.chesslib.no"]
[SourceDate "2004.05.04"]

1. d4 Nf6 2. c4 g6 3. Nc3 d5 4. Nf3 Bg7 5. Bf4 c5 6. dxc5 Qa5 7. cxd5 Nxd5 8. Qxd5 Bxc3+ 9. Bd2 Be6 10. Qxb7 Bxd2+ 11. Nxd2 O-O 12. b4 Qa3 13. Rd1 Na6 14. e3 Nxb4 15. Bc4 Bxc4 16. Nxc4 Qc3+ 17. Nd2 Rad8 18. O-O Rxd2 19. Rc1 Nc2 20. c6 Rd6 21. Qxe7 Rxc6 22. Qxa7 Rfc8 23. h4 Qb4 24. Rb1 Qxh4 25. Rb7 Qf6 26. Rd1 Rc4 27. a4 Nb4 28. a5 Nc6 29. Qb6 Kg7 30. a6 Ne5 31. Qxf6+ Kxf6 32. a7 Rc1 33. Rxc1 Rxc1+ 34. Kh2 Ra1 35. Kg3 g5 36. f4 gxf4+ 37. exf4 Ra3+ 38. Kf2 Nd3+ 39. Kf1 Nxf4 40. g3 Nh5 41. Kf2 Kg6 42. g4 Nf6 43. Ke2 Nxg4 44. Kd2 h5 45. Kc2 h4 46. Kb2 Ra5 47. Rb6+ f6 48. Rb7 h3 49. Kb3 h2 50. Kb4 Ra1 0-1

[Event "Bosnia"]
[Site "?"]
[Date "1998.??.??"]
[Round "?"]
[White "Bareev Evgeny"]
[Black "Lputian Smbat G"]
[Result "1/2-1/2"]
[WhiteElo "2675"]
[BlackElo "2610"]
[PlyCount "46"]
[EventDate "1998.??.??"]
[Source "www.chesslib.no"]
[SourceDate "2004.05.04"]

1. c4 Nf6 2. Nf3 g6 3. Nc3 d5 4. d4 Bg7 5. Bf4 O-O 6. Rc1 dxc4 7. e4 b5 8. Nxb5 Nxe4 9. Bxc7 Qd7 10. Bxc4 a6 11. Na3 Nc6 12. O-O Bb7 13. Bb6 Nd6 14. Re1 Rab8 15. Re6 Ba8 16. Ra1 Nb4 17. Bd8 Nxa2 18. Bb3 Qb5 19. Rxe7 Qh5 20. Re5 Re8 21. Bc2 Rb6 22. Bf5 Bb7 23. Qa4 g5 1/2-1/2

[Event "Sarajevo 72/(432)"]
[Site "?"]
[Date "1998.??.??"]
[Round "?"]
[White "Bareev, Evgeny"]
[Black "Lputian, Smbat G"]
[Result "1/2-1/2"]
[WhiteElo "2675"]
[BlackElo "2610"]
[PlyCount "46"]
[EventDate "1998.??.??"]
[Source "ChessBase"]
[SourceDate "1998.02.01"]

1. d4 Nf6 2. c4 g6 3. Nc3 d5 4. Nf3 Bg7 5. Bf4 O-O 6. Rc1 dxc4 7. e4 b5 8. Nxb5 Nxe4 9. Bxc7 Qd7 10. Bxc4 a6 11. Na3 Nc6 12. O-O Bb7 13. Bb6 Nd6 14. Bb3 Rab8 15. Re1 Ba8 16. Bc5 Na5 17. Ba4 Bxf3 18. Bxd7 Bxd1 19. Rxe7 Nc8 20. Re1 Rd8 21. Rcxd1 Rxb2 22. Rb1 Rxa2 23. Rb8 Bf8 1/2-1/2

[Event "Bermuda-A"]
[Site "Bermuda"]
[Date "2003.02.01"]
[Round "7"]
[White "Gershon, Alik"]
[Black "Svidler, Peter"]
[Result "1/2-1/2"]
[WhiteElo "2571"]
[BlackElo "2693"]
[PlyCount "45"]
[EventDate "2003.01.25"]
[Source "ChessBase"]
[SourceDate "2003.05.26"]

1. d4 Nf6 2. c4 g6 3. Nc3 d5 4. Nf3 Bg7 5. Bf4 O-O 6. Rc1 c5 7. dxc5 dxc4 8. Qxd8 Rxd8 9. e4 Na6 10. e5 Nh5 11. Be3 Bg4 12. Bxc4 Bxf3 13. gxf3 Bxe5 14. c6 Nc7 15. cxb7 Rab8 16. Bxa7 Rxb7 17. Bc5 Rxb2 18. O-O e6 19. Na4 Rbb8 20. Rb1 Nf4 21. Rxb8 Rxb8 22. Nb6 Nfd5 23. Bxd5 1/2-1/2

[Event "JUG-chT playoff sf"]
[Site "Novi Sad"]
[Date "2000.09.07"]
[Round "2.1"]
[White "Zvjaginsev, Vadim"]
[Black "Sakaev, Konstantin"]
[Result "1/2-1/2"]
[WhiteElo "2634"]
[BlackElo "2627"]
[PlyCount "31"]
[EventDate "2000.09.??"]
[Source "ChessBase"]
[SourceDate "2000.11.10"]

1. d4 Nf6 2. c4 g6 3. Nc3 d5 4. Bf4 Bg7 5. Rc1 O-O 6. Nf3 dxc4 7. e3 Be6 8. Ng5 Bd5 9. e4 h6 10. exd5 hxg5 11. Bxg5 Nxd5 12. Bxc4 Nb6 13. Bb3 Nc6 14. Ne2 a5 15. a4 Rc8 16. O-O 1/2-1/2

[Event "32nd olm Yerevan ARM"]
[Site "?"]
[Date "1996.??.??"]
[Round "?"]
[White "Rogers, I."]
[Black "Sokolov, I."]
[Result "1/2-1/2"]
[WhiteElo "2575"]
[BlackElo "2670"]
[PlyCount "47"]
[EventDate "1996.??.??"]
[Source "www.chesslib.no"]
[SourceDate "2004.05.04"]

1. d4 Nf6 2. c4 g6 3. Nc3 d5 4. Nf3 Bg7 5. Bf4 O-O 6. Rc1 Nc6 7. e3 Be6 8. h3 h6 9. b3 Rc8 10. Be2 g5 11. Bh2 Bf5 12. Ne5 Nxe5 13. Bxe5 c6 14. O-O Ne4 15. Bxg7 Kxg7 16. cxd5 cxd5 17. Nxe4 Bxe4 18. Qd2 Qb6 19. b4 Qe6 20. Rc5 b6 21. Rxc8 Rxc8 22. Rc1 Qd7 23. Rc3 Rxc3 24. Qxc3 1/2-1/2

[Event "Tan Chin Nam Cup 7th"]
[Site "Shanghai"]
[Date "2001.07.17"]
[Round "8"]
[White "Sokolov, Ivan"]
[Black "Krasenkow, Michal"]
[Result "1/2-1/2"]
[WhiteElo "2659"]
[BlackElo "2573"]
[PlyCount "69"]
[EventDate "2001.07.09"]
[Source "ChessBase"]
[SourceDate "2001.11.13"]

1. d4 Nf6 2. c4 g6 3. Nc3 d5 4. Nf3 Bg7 5. Bf4 O-O 6. Rc1 dxc4 7. e3 Be6 8. Ng5 Bd5 9. e4 h6 10. exd5 hxg5 11. Bxg5 Nxd5 12. Bxc4 Nb6 13. Bb3 Nc6 14. Ne2 a5 15. a3 a4 16. Ba2 Rc8 17. d5 Na5 18. Nc3 Nb3 19. Bxb3 axb3 20. Qxb3 Bxc3+ 21. Qxc3 Nxd5 22. Qb3 Qd7 23. O-O c6 24. Rfe1 Rc7 25. Qf3 Rd8 26. Rcd1 f6 27. Be3 Qc8 28. h4 Nxe3 29. Qxe3 Kg7 30. h5 Rxd1 31. Rxd1 Qg4 32. Rd8 Rd7 33. f3 Qf5 34. hxg6 Kxg6 35. Rxd7 1/2-1/2

[Event "Dos Hermanas-A"]
[Site "Dos Hermanas"]
[Date "2001.04.23"]
[Round "5"]
[White "Sokolov, Ivan"]
[Black "Illescas Cordoba, Miguel"]
[Result "1/2-1/2"]
[WhiteElo "2659"]
[BlackElo "2562"]
[PlyCount "53"]
[EventDate "2001.04.19"]
[Source "ChessBase"]
[SourceDate "2001.07.05"]

1. d4 Nf6 2. c4 g6 3. Nc3 d5 4. Nf3 Bg7 5. Bf4 O-O 6. Rc1 c5 7. dxc5 dxc4 8. Qxd8 Rxd8 9. e3 Na6 10. c6 bxc6 11. Bxc4 Nd5 12. Be5 Nab4 13. Bxg7 Kxg7 14. O-O Nb6 15. Be2 Be6 16. Nd4 Bc4 17. Bxc4 Nxc4 18. Na4 Nb6 19. Nxb6 axb6 20. Nxc6 Nxc6 21. Rxc6 Rxa2 22. Rxb6 Rd2 23. Rb1 Ra7 24. g3 Rc7 25. Rf1 Rcc2 26. Rb7 e6 27. b4 1/2-1/2

[Event "EU-chT (Men)"]
[Site "Batumi"]
[Date "1999.11.29"]
[Round "1.1"]
[White "Giorgadze, Giorgi"]
[Black "Atalik, Suat"]
[Result "1/2-1/2"]
[WhiteElo "2602"]
[BlackElo "2598"]
[PlyCount "77"]
[EventDate "1999.11.06"]
[Source "ChessBase"]
[SourceDate "2000.02.01"]

1. d4 Nf6 2. c4 g6 3. Nc3 d5 4. Nf3 Bg7 5. Bf4 O-O 6. Rc1 dxc4 7. e3 Be6 8. Ng5 Bd5 9. e4 h6 10. exd5 hxg5 11. Bxg5 Nxd5 12. Bxc4 Nb6 13. Bb3 Nc6 14. Ne2 a5 15. a4 Rc8 16. Be3 e5 17. dxe5 Qxd1+ 18. Rxd1 Nxe5 19. Bxb6 cxb6 20. O-O Rfd8 21. Nf4 Kf8 22. h3 Nc6 23. Rxd8+ Rxd8 24. Nd5 Nd4 25. Bc4 b5 26. axb5 Nxb5 27. Ra1 Nd6 28. Be2 Bxb2 29. Rxa5 Re8 30. Ne3 Bc1 31. Rd5 Bxe3 32. Rxd6 Bf4 33. Rd4 Rxe2 34. Rxf4 b5 35. h4 Re6 36. g4 Rb6 37. Rb4 Ke7 38. Kg2 Kd6 39. Kg3 1/2-1/2

[Event "Elista ol (Men)"]
[Site "Elista"]
[Date "1998.10.04"]
[Round "6"]
[White "Lputian, Smbat G"]
[Black "Sutovsky, Emil"]
[Result "1-0"]
[WhiteElo "2615"]
[BlackElo "2575"]
[PlyCount "99"]
[EventDate "1998.09.29"]
[Source "ChessBase"]
[SourceDate "1998.11.06"]

1. d4 Nf6 2. c4 g6 3. Nc3 d5 4. Nf3 Bg7 5. Bf4 O-O 6. Rc1 dxc4 7. e4 Bg4 8. Bxc4 Nh5 9. Be3 Bxf3 10. gxf3 e6 11. f4 Qh4 12. Qf3 Nc6 13. Ne2 Rad8 14. Rd1 a6 15. O-O Rd7 16. Rd2 Rfd8 17. Rfd1 Na5 18. Bd3 c5 19. dxc5 Bxb2 20. Bxa6 Rxd2 21. Rxd2 bxa6 22. Rxb2 Rd1+ 23. Kg2 Nc4 24. Rc2 Nxe3+ 25. fxe3 Qe1 26. Kh3 Rd2 27. Rc1 Rd1 28. Rxd1 Qxd1 29. e5 Qc2 30. c6 Qf5+ 31. Kg2 Qc2 32. Kf2 Kg7 33. Qh1 Kf8 34. Qc1 Qxc1 35. Nxc1 Ke7 36. Nb3 Kd8 37. Nc5 Kc7 38. Nxa6+ Kxc6 39. Kf3 Ng7 40. Nb4+ Kc5 41. Nd3+ Kd5 42. Nf2 h5 43. h3 Kc6 44. Ne4 Nf5 45. Ng5 Nh6 46. e4 Kc5 47. Kg3 Kd4 48. a4 Kc4 49. Nh7 Kb4 50. Nf6 1-0

[Event "Groningen"]
[Site "?"]
[Date "1993.??.??"]
[Round "?"]
[White "van Wely, L."]
[Black "Yermolinsky, A."]
[Result "1/2-1/2"]
[WhiteElo "2585"]
[BlackElo "2605"]
[PlyCount "98"]
[EventDate "1993.??.??"]
[Source "ChessBase"]
[SourceDate "1993.10.01"]

1. d4 Nf6 2. c4 g6 3. Nc3 d5 4. Nf3 Bg7 5. Bf4 O-O 6. Rc1 c5 7. dxc5 Be6 8. Nd4 Nc6 9. Nxe6 fxe6 10. cxd5 Nxd5 11. Bd2 Nxc3 12. Bxc3 Qxd1+ 13. Rxd1 Bxc3+ 14. bxc3 Rf5 15. g3 Rxc5 16. Bh3 e5 17. Rd3 Rd8 18. Kd2 Rd6 19. Rb1 b6 20. Bg2 Na5 21. Rb4 Kg7 22. a4 Nc4+ 23. Kc2 Rf6 24. Bd5 e4 25. Rd1 Nd6 26. f4 exf3 27. exf3 Rf5 28. Rbd4 Re5 29. f4 Re3 30. R4d3 Nf5 31. Kb3 h5 32. Bf3 Rxd3 33. Rxd3 Nd6 34. h3 Kf6 35. Bg2 g5 36. fxg5+ Rxg5 37. h4 Rg7 38. Rf3+ Nf5 39. Bh3 e6 40. Bxf5 exf5 41. a5 Rg4 42. axb6 axb6 43. c4 Ke5 44. Kb4 Ke4 45. Ra3 Rg8 46. Kb5 Rg6 47. Rb3 Re6 48. Ra3 Rg6 49. Rb3 Re6 1/2-1/2

[Event "Cesko 81/393"]
[Site "?"]
[Date "2001.??.??"]
[Round "?"]
[White "Babula, V."]
[Black "Ftacnik, L."]
[Result "1-0"]
[WhiteElo "2564"]
[BlackElo "2618"]
[PlyCount "73"]
[EventDate "2001.??.??"]
[Source "Chess Informant"]
[SourceDate "2001.02.01"]

1. d4 Nf6 2. c4 g6 3. Nc3 d5 4. Nf3 Bg7 5. Bf4 O-O 6. Rc1 dxc4 7. e3 Be6 8. Ng5 Bd5 9. e4 h6 10. exd5 hxg5 11. Bxg5 Nxd5 12. Bxc4 Nb6 13. Bb3 Nc6 14. Ne2 a5 15. a3 Nxd4 16. Nxd4 Qxd4 17. Qxd4 Bxd4 18. Rxc7 e6 19. O-O a4 20. Ba2 Rac8 21. Rxb7 Rc2 22. Be3 Bxe3 23. fxe3 Nd5 24. Bxd5 exd5 25. Rf4 Re8 26. h4 Rxe3 27. Rbxf7 Re8 28. Ra7 Re1+ 29. Kh2 Re4 30. Rxe4 dxe4 31. Rxa4 e3 32. Re4 e2 33. b4 Ra2 34. Kg3 Kf7 35. Kf3 Rxa3+ 36. Kxe2 Kf6 37. g4 1-0

[Event "Jugoslavija"]
[Site "?"]
[Date "2000.??.??"]
[Round "?"]
[White "Zvjaginsev, V."]
[Black "Neverov, V."]
[Result "1/2-1/2"]
[WhiteElo "2630"]
[BlackElo "2545"]
[PlyCount "45"]
[EventDate "2000.??.??"]
[Source "Chess Informant"]
[SourceDate "2000.10.01"]

1. d4 Nf6 2. c4 g6 3. Nc3 d5 4. Nf3 Bg7 5. Bf4 O-O 6. Rc1 dxc4 7. e3 Be6 8. Ng5 Bd5 9. e4 h6 10. exd5 hxg5 11. Bxg5 Nxd5 12. Bxc4 Nb6 13. Bb3 Nc6 14. Ne2 Na5 15. Bc2 Qd5 16. h4 Qxg2 17. Rg1 Qh2 18. Qd3 Nc6 19. Kf1 Nb4 20. Qf3 Nxc2 21. Rxc2 Qd6 22. Qxb7 Nd5 23. Nc3 1/2-1/2

[Event "Linares"]
[Site "?"]
[Date "2001.??.??"]
[Round "?"]
[White "Zvjaginsev, V."]
[Black "Turov, M."]
[Result "1/2-1/2"]
[WhiteElo "2630"]
[BlackElo "2545"]
[PlyCount "116"]
[EventDate "2001.??.??"]
[Source "Chess Informant"]
[SourceDate "2000.10.01"]

1. d4 Nf6 2. c4 g6 3. Nc3 d5 4. Nf3 Bg7 5. Bf4 O-O 6. Rc1 c5 7. dxc5 dxc4 8. Qxd8 Rxd8 9. e4 Na6 10. e5 Ne8 11. Be3 Be6 12. Ng5 Nec7 13. f4 Bh6 14. Nxe6 Nxe6 15. g3 Naxc5 16. Bxc4 a6 17. Nd5 b5 18. Nxe7+ Kf8 19. Bxe6 Nd3+ 20. Ke2 Nxc1+ 21. Rxc1 Kxe7 22. Bh3 f5 23. Rc7+ Ke6 24. Rc6+ Kd7 25. Bg2 Rac8 26. e6+ Ke8 27. Bb6 Bg7 28. b4 Bc3 29. Bc5 Bf6 30. Rxa6 Be7 31. Bc6+ Kf8 32. Ra7 Bxc5 33. bxc5 Rxc6 34. e7+ Ke8 35. exd8=Q+ Kxd8 36. Rxh7 Rxc5 37. Kd2 b4 38. Ra7 Rc3 39. Ra4 Rf3 40. Ke2 Rc3 41. Kd2 Rf3 42. Ke2 Rc3 43. Kd1 b3 44. axb3 Rxb3 45. Ra6 Rb1+ 46. Kc2 Rg1 47. Kd3 Rg2 48. Rxg6 Rxh2 49. Kd4 Re2 50. Rf6 Rg2 51. Rg6 Re2 52. Rg7 Re1 53. Kd5 Re2 54. Kc6 Rd2 55. Kc5 Ke8 56. Rg5 Rd3 57. Kc4 Ra3 58. Kd5 Ke7 1/2-1/2

[Event "Open"]
[Site "Pune"]
[Date "2004.09.10"]
[Round "8"]
[White "Vladimirov, Evgeny"]
[Black "Fominyh, Alexander"]
[Result "1/2-1/2"]
[WhiteElo "2628"]
[BlackElo "2546"]
[PlyCount "35"]
[EventDate "2004.09.03"]
[Source "Roberto Alvarez"]
[SourceDate "2004.09.21"]

1. d4 Nf6 2. c4 g6 3. Nc3 d5 4. Nf3 Bg7 5. Bf4 O-O 6. Rc1 dxc4 7. e4 Bg4 8. Bxc4 Nh5 9. Be3 Bxf3 10. Qxf3 Bxd4 11. O-O Nc6 12. Rfd1 Ne5 13. Qe2 c5 14. Nb5 Qa5 15. Nxd4 cxd4 16. b4 Qb5 17. Rxd4 Nf6 18. Qc2 1/2-1/2

[Event "Leon"]
[Site "Leon"]
[Date "1994.??.??"]
[Round "8"]
[White "Azmaiparashvili, Zurab"]
[Black "Leko, Peter"]
[Result "1/2-1/2"]
[WhiteElo "2625"]
[BlackElo "2545"]
[PlyCount "144"]
[EventDate "1994.05.??"]
[Source "ChessBase"]

1. d4 Nf6 2. c4 g6 3. Nc3 d5 4. Nf3 Bg7 5. Bf4 c5 6. dxc5 Qa5 7. Rc1 dxc4 8. Qa4+ Qxa4 9. Nxa4 Na6 10. e3 Bd7 11. Rxc4 Bxa4 12. Rxa4 Nxc5 13. Bb5+ Kf8 14. Ra3 Nd5 15. Be5 Bxe5 16. Nxe5 Kg7 17. Ke2 Rhd8 18. Rc1 Ne4 19. Bd3 Nd6 20. Ra5 e6 21. Bb1 f6 22. Nf3 Kf7 23. g3 Nb6 24. Nd2 Rac8 25. Rxc8 Ndxc8 26. Bd3 Nd7 27. Nc4 b6 28. Ra3 Nc5 29. Bc2 e5 30. b4 Ne6 31. Be4 Rd7 32. f4 exf4 33. gxf4 Rc7 34. Bd5 Ke7 35. Rd3 Nd6 36. Nxd6 Kxd6 37. h4 Ke7 38. Kf3 f5 39. Bb3 Nf8 40. e4 fxe4+ 41. Kxe4 Rc1 42. Rd1 Rxd1 43. Bxd1 Kd6 44. f5 a5 45. bxa5 bxa5 46. Ba4 Ke7 47. Ke5 gxf5 48. Kxf5 Ne6 49. Ke5 Ng7 50. Bc2 h6 51. Bb3 Nh5 52. Kf5 Nf6 53. Kg6 Ng4 54. Kh5 Ne3 55. Kg6 Ng2 56. h5 Nf4+ 57. Kxh6 Kf6 58. Bc2 Nd5 59. Bg6 Nf4 60. Be4 Ne6 61. Bf3 Kf5 62. Bd1 Kf6 63. Kh7 Nd4 64. h6 Nf5 65. Bg4 Ne7 66. Bh3 Kf7 67. Bg4 Kf6 68. a3 Kf7 69. Bh5+ Kf6 70. Be2 Nf5 71. Bd3 Ne7 72. Bc4 Nf5 1/2-1/2

[Event "Bad Zwesten op 3rd"]
[Site "Bad Zwesten"]
[Date "1999.01.06"]
[Round "8"]
[White "Epishin, Vladimir"]
[Black "Ftacnik, Lubomir"]
[Result "1/2-1/2"]
[WhiteElo "2578"]
[BlackElo "2585"]
[PlyCount "62"]
[EventDate "1999.01.??"]
[Source "ChessBase"]
[SourceDate "1999.03.01"]

1. d4 Nf6 2. c4 g6 3. Nc3 d5 4. Nf3 Bg7 5. Bf4 O-O 6. Rc1 dxc4 7. e4 Bg4 8. Bxc4 Nh5 9. Be3 Bxf3 10. gxf3 e5 11. dxe5 Bxe5 12. Qxd8 Rxd8 13. O-O Nd7 14. Rc2 Nb6 15. Bb3 c6 16. Ne2 Rd3 17. f4 Bc7 18. Rd2 Rxd2 19. Bxd2 Re8 20. e5 Rd8 21. Be3 Ng7 22. Kg2 Nf5 23. Kf3 Kg7 24. Rd1 Rxd1 25. Bxd1 Nxe3 26. fxe3 Nc4 27. b3 Nd2+ 28. Kf2 Ne4+ 29. Kf3 Nd2+ 30. Kf2 Ne4+ 31. Kf3 Nd2+ 1/2-1/2

[Event "ISR Ch"]
[Site "?"]
[Date "2002.11.28"]
[Round "4"]
[White "Gershon Alik"]
[Black "Avrukh Boris"]
[Result "0-1"]
[WhiteElo "2562"]
[BlackElo "2595"]
[PlyCount "42"]
[EventDate "2002.??.??"]
[Source "www.chesslib.no"]
[SourceDate "2004.05.04"]

1. d4 Nf6 2. c4 g6 3. Nc3 d5 4. Nf3 Bg7 5. Bf4 O-O 6. Rc1 dxc4 7. e3 Be6 8. Ng5 Bd5 9. e4 h6 10. exd5 hxg5 11. Bxg5 Nxd5 12. Bxc4 Nb6 13. Bb3 Nc6 14. d5 Nd4 15. O-O Nxb3 16. Qxb3 Bxc3 17. Rxc3 Qxd5 18. Bxe7 Rfe8 19. Bc5 Re2 20. Rd1 Rae8 21. Re3 Qxc5 0-1

[Event "Montpellier 74/488"]
[Site "?"]
[Date "1998.??.??"]
[Round "?"]
[White "Epishin, Vladimir"]
[Black "Palac, Mladen"]
[Result "1-0"]
[WhiteElo "2585"]
[BlackElo "2560"]
[PlyCount "47"]
[Source "ChessBase"]
[SourceDate "1998.10.01"]

1. d4 Nf6 2. c4 g6 3. Nc3 d5 4. Nf3 Bg7 5. Bf4 O-O 6. Rc1 dxc4 7. e4 c5 8. dxc5 Na6 9. Qxd8 Rxd8 10. e5 Ne8 11. Be3 Nb4 12. Bxc4 Be6 13. Bxe6 Nd3+ 14. Ke2 Nxc1+ 15. Rxc1 fxe6 16. a4 Nc7 17. b4 Nd5 18. Nxd5 Rxd5 19. b5 Bxe5 20. c6 b6 21. Nxe5 Rxe5 22. Rd1 Kf8 23. Rd7 a6 24. a5 1-0

[Event "Saintly Cup"]
[Site "Sydney"]
[Date "1999.01.22"]
[Round "1"]
[White "Rogers, Ian"]
[Black "Oral, Tomas"]
[Result "1-0"]
[WhiteElo "2618"]
[BlackElo "2521"]
[PlyCount "77"]
[EventDate "1999.01.22"]
[Source "ChessBase"]
[SourceDate "1999.06.08"]

1. d4 Nf6 2. c4 g6 3. Nc3 d5 4. Nf3 Bg7 5. Bf4 O-O 6. Rc1 dxc4 7. e4 c5 8. dxc5 Qa5 9. e5 Rd8 10. Nd2 Ng4 11. Bxc4 Qxc5 12. Nce4 Qd4 13. Bxf7+ Kxf7 14. Rxc8 Rxc8 15. Qxg4 Rc1+ 16. Ke2 Rc6 17. Qf3 Ke8 18. Qb3 Na6 19. Qg8+ Bf8 20. Bh6 Kd7 21. Rd1 Kc7 22. Bxf8 Nc5 23. Nc3 Qxe5+ 24. Kf1 Rd8 25. Bg7 Qf5 26. Nb5+ Kc8 27. Nxa7+ Kc7 28. Be5+ Qxe5 29. Qxd8+ Kxd8 30. Nxc6+ bxc6 31. Nc4+ Qd5 32. Ke2 Kc7 33. Rxd5 cxd5 34. Ne5 Kd6 35. Nf7+ Ke6 36. Ng5+ Kf5 37. Nxh7 Na4 38. Kd3 Nxb2+ 39. Kd4 1-0

[Event "Skei"]
[Site "Skei"]
[Date "1993.??.??"]
[Round "4"]
[White "Van Wely, Loek"]
[Black "Hellers, Ferdinand"]
[Result "1/2-1/2"]
[WhiteElo "2560"]
[BlackElo "2565"]
[PlyCount "58"]
[EventDate "1993.??.??"]
[Source "ChessBase"]

1. d4 Nf6 2. c4 g6 3. Nc3 d5 4. Nf3 Bg7 5. Bf4 O-O 6. Rc1 c5 7. dxc5 dxc4 8. e4 Na6 9. e5 Nd7 10. Bxc4 Ndxc5 11. O-O Be6 12. Bxe6 Nxe6 13. Be3 Nac5 14. Qc2 Qd3 15. Rfd1 Qxc2 16. Rxc2 Rfd8 17. Rcd2 Rxd2 18. Rxd2 Kf8 19. b4 Na6 20. a3 Ke8 21. g4 Nb8 22. Rd5 b6 23. Nb5 Nc6 24. Ng5 Rc8 25. Ne4 a6 26. Nbd6+ exd6 27. Nxd6+ Kd7 28. Nxc8+ Kxc8 29. f4 b5 1/2-1/2

[Event "Moscow 84/393"]
[Site "?"]
[Date "2002.??.??"]
[Round "?"]
[White "Riazantsev, A."]
[Black "Macieja, B."]
[Result "1-0"]
[WhiteElo "2511"]
[BlackElo "2612"]
[PlyCount "93"]
[EventDate "2002.??.??"]
[Source "Chess Informant"]
[SourceDate "2002.02.01"]

1. d4 Nf6 2. c4 g6 3. Nc3 d5 4. Nf3 Bg7 5. Bf4 c5 6. dxc5 Qa5 7. cxd5 Nxd5 8. Qxd5 Bxc3+ 9. Bd2 Be6 10. Qxb7 Bxd2+ 11. Nxd2 O-O 12. b4 Qa4 13. e3 Nd7 14. a3 Rfd8 15. Qa6 Qc2 16. Qd3 Qxd3 17. Bxd3 Nxc5 18. Bc2 Nd3+ 19. Bxd3 Rxd3 20. Nf3 a5 21. b5 a4 22. O-O Bb3 23. Rfc1 Rb8 24. Rc5 f6 25. Nd4 e5 26. Nc6 Rb6 27. h4 Be6 28. Nb4 Rd7 29. Rc6 Rdb7 30. Rd1 Bf7 31. Rdd6 Rxb5 32. Rxf6 Rd7 33. Ra6 Bb3 34. Rfc6 Rd1+ 35. Kh2 Rb7 36. Rc5 e4 37. h5 gxh5 38. Rg5+ Kf7 39. Rxh5 Kg7 40. Rh4 Ra1 41. Rg4+ Kf7 42. Nc6 Rb5 43. Ra7+ Kf6 44. Rxh7 Be6 45. Rh6+ Kf5 46. Rf4+ Kg5 47. Rxe6 1-0

[Event "Nova Gorica op"]
[Site "Nova Gorica"]
[Date "1997.??.??"]
[Round "9"]
[White "Novikov, Igor A"]
[Black "Horvath, Jozsef"]
[Result "1/2-1/2"]
[WhiteElo "2580"]
[BlackElo "2535"]
[PlyCount "29"]
[EventDate "1997.01.??"]
[Source "www.chesslib.no"]
[SourceDate "2004.05.04"]

1. d4 Nf6 2. c4 g6 3. Nc3 d5 4. Nf3 Bg7 5. Bf4 O-O 6. Rc1 dxc4 7. e4 Bg4 8. Bxc4 Bxf3 9. gxf3 Nh5 10. Be3 e6 11. f4 Qh4 12. Qf3 Nc6 13. Ne2 Rad8 14. e5 Bh6 15. Rg1 1/2-1/2

[Event "Rector Cup 3rd"]
[Site "Kharkov"]
[Date "2001.04.23"]
[Round "8"]
[White "Turov, Maxim"]
[Black "Eljanov, Pavel"]
[Result "1-0"]
[WhiteElo "2553"]
[BlackElo "2558"]
[PlyCount "77"]
[EventDate "2001.04.18"]
[Source "ChessBase"]
[SourceDate "2001.07.05"]

1. d4 Nf6 2. c4 g6 3. Nc3 d5 4. Nf3 Bg7 5. Bf4 O-O 6. Rc1 dxc4 7. e3 Be6 8. Ng5 Bd5 9. e4 h6 10. exd5 hxg5 11. Bxg5 b5 12. Qf3 b4 13. Ne4 Nxd5 14. Bxc4 c6 15. h4 f5 16. Nc5 Qd6 17. Bf4 e5 18. Bxd5+ cxd5 19. dxe5 Bxe5 20. Nd3 Bxf4 21. Qxf4 Qe6+ 22. Kd2 Nd7 23. Rhe1 Qf6 24. Qg5 Rfe8 25. Qxf6 Nxf6 26. Rxe8+ Rxe8 27. f3 Nh5 28. Re1 Rxe1 29. Kxe1 a5 30. Kd2 d4 31. g4 Ng3 32. Ne5 fxg4 33. fxg4 g5 34. hxg5 a4 35. Kd3 Nf1 36. Kxd4 a3 37. b3 Nd2 38. Kc5 Nxb3+ 39. Kxb4 1-0

[Event "Hastings Masters"]
[Site "Hastings"]
[Date "1995.??.??"]
[Round "6"]
[White "Malaniuk, Vladimir P"]
[Black "Atalik, Suat"]
[Result "1/2-1/2"]
[WhiteElo "2580"]
[BlackElo "2525"]
[PlyCount "60"]
[EventDate "1995.08.??"]
[Source "ChessBase"]

1. d4 Nf6 2. c4 g6 3. Nc3 d5 4. Bf4 Bg7 5. Rc1 O-O 6. Nf3 c5 7. dxc5 Be6 8. e3 Nc6 9. Be2 Qa5 10. Ng5 Rad8 11. Nxe6 fxe6 12. Qa4 Qxc5 13. O-O d4 14. exd4 Nxd4 15. Be3 a6 16. Rfe1 Kh8 17. h3 Nh5 18. b4 Qe5 19. Qa5 Qxa5 20. bxa5 Nf4 21. Bxd4 Bxd4 22. Ne4 Rf5 23. c5 Re5 24. Bf1 Nh5 25. Rcd1 Nf6 26. Nxf6 exf6 27. Rxe5 fxe5 28. Rc1 Rf8 29. Rc2 e4 30. g4 e3 1/2-1/2

[Event "Yerevan ol (Men)"]
[Site "Yerevan"]
[Date "1996.??.??"]
[Round "4"]
[White "Van Wely, Loek"]
[Black "Rytshagov, Mikhail"]
[Result "1-0"]
[WhiteElo "2605"]
[BlackElo "2495"]
[PlyCount "85"]
[EventDate "1996.09.??"]
[Source "www.chesslib.no"]
[SourceDate "2004.05.04"]

1. d4 Nf6 2. c4 g6 3. Nc3 d5 4. Nf3 Bg7 5. Bf4 O-O 6. Rc1 dxc4 7. e4 Bg4 8. Bxc4 Nh5 9. Be3 Bxf3 10. gxf3 e6 11. f4 Qh4 12. Qf3 Nc6 13. Ne2 Rad8 14. e5 Bh6 15. Rg1 Ng7 16. Bb5 Nb4 17. Rxc7 Nd5 18. Rxb7 Nxe3 19. Qxe3 Nf5 20. Qe4 Rb8 21. Bd3 Qd8 22. Rxb8 Qxb8 23. d5 Qxb2 24. Kf1 Nh4 25. f3 exd5 26. Qxd5 Qd2 27. Bxg6 Qxd5 28. Be4+ Ng6 29. Bxd5 Rd8 30. Bb3 Kf8 31. Rg4 Rd2 32. h4 a5 33. Ke1 Rb2 34. Kd1 Rb1+ 35. Kc2 Rh1 36. Kd3 Bg7 37. Ng3 Rxh4 38. Rxh4 Nxh4 39. Ke4 Ke7 40. f5 f6 41. Nh5 Bh8 42. e6 Ng2 43. Bc2 1-0